000 00594nam a2200181Ia 4500
008 100920s9999 xx 000 0 und d
082 _b74945
_a24 थ 98
100 _aअनु. जोगळेकर प्रमोद./प्रेस्टन रिचर्ड
245 _aद हॉट झोन.
260 _bमेहता पब्लिशिंग हाऊस.
_c1998
300 _a305
_bसाधी
365 _b200
520 _aसायो.
630 _aद हॉट झोन.
650 _aसायो.
730 _aद हॉट झोन.
942 _cBOOK
999 _c716498
_d716495